| 000 | 00833nam a2200205 a 4500 | ||
|---|---|---|---|
| 003 | 0 | ||
| 005 | 20250411124334.0 | ||
| 008 | 970101s19uu xx 00 eng d | ||
| 050 |
_aPGS HV 5840.P6 _b.M357 2004 |
||
| 100 | _aMarquez, Teresita Ssen L. | ||
| 245 |
_aThe effectiveness of the anti-drug policy to the selected citizens of Parañaque City / _cTeresita Ssen L. Marquez. |
||
| 260 |
_aLas Piñas City, Philippines : _bSouthville International School and Colleges, _c2004. |
||
| 300 |
_a21 pages : _billustrations ; _c28 cm. |
||
| 504 | _aIncludes bibliographical references. | ||
| 650 |
_aDrug control _zPhilippines _vEvaluation. |
||
| 650 |
_aDrug abuse _vPrevention _zPhilippines. |
||
| 650 |
_aDrug policy _vPublic opinion. _zPhilippines |
||
| 650 |
_aAnti-drug programs _zPhilippines _vEffectiveness. |
||
| 942 |
_2lcc _cPASS |
||
| 999 |
_c97021 _d97021 |
||